| 000 | 00944cam a2200217 4500 | ||
|---|---|---|---|
| 001 | X128867 | ||
| 008 | 050222n1981 000 0 eng u | ||
| 035 | _a(Sirsi) u128867 | ||
| 100 | _aLever, Jill | ||
| 245 |
_a12 Great George Street _bwhy choose Waterhouse? |
||
| 260 | _c1981 | ||
| 490 |
_aChartered Surveyor _vCharter Centenary Supplement September 1981, 35-40(5) |
||
| 520 | _aOutlines the reasons behind the assessors decision for selecting Alfred Waterhouse, from a limited competition of six architects, to design the Surveyors Institution headquarters at 12 Great George Street. The article also considers the building's construction and later extensions by Paul Waterhouse and the Rolfe Judd Group. Illustrations, plans and references. | ||
| 590 | _aGGS | ||
| 650 | _a12 GREAT GEORGE STREET | ||
| 650 | _aALFRED WATERHOUSE | ||
| 650 | _aPAUL WATERHOUSE | ||
| 650 | _aROLFE JUDD GROUP | ||
| 690 | _aRICS NEWS | ||
| 942 | _n0 | ||
| 999 |
_c74830 _d74830 |
||